000
00329nam a2200133Ia 4500
008
220204s9999 xx 000 0 und d
082
_a
054.027
_b
DEN
245
0
_a
Isotopes in molecular rearrangements
260
_a
Amsterdam
_b
Elsevier
_c
1975
650
_a
Isotopes
700
_a
Buncell, E
700
_a
Lee, C C
942
_c
BK
999
_c
25459
_d
25459